| 000 | 00648nam a22002057a 4500 | ||
|---|---|---|---|
| 999 |
_c17653 _d17653 |
||
| 003 | AR-CdUCM | ||
| 008 | 190509b ||||| |||| 00| 0 spa d | ||
| 040 |
_aMUNICIPALIDAD PROVINCIAL DEL CUSCO _cBIBLIOTECA MUNICIPAL DEL CUSCO |
||
| 082 |
_a980.51 / _bG21 |
||
| 100 |
_aGarcía, José Uriel _93684 |
||
| 245 | _aEl nuevo indio / | ||
| 260 |
_aLima : _bUniverso , _c1973. |
||
| 300 |
_a237 paginas ; _c17 cm. |
||
| 505 | _aContenido :El indio antiguo --El nuevo indio --El pueblo mestizo / | ||
| 650 |
_aIndigenismo _9208 |
||
| 650 |
_aSociología _9276 |
||
| 650 |
_aAspectos sociales _9262 |
||
| 942 |
_2ddc _cLIBROS |
||
| 945 |
_arjall _d2019-05-09 |
||